LEADER 01663nam 2200349Ia 450 001 996396704503316 005 20221107143735.0 035 $a(CKB)4330000000350505 035 $a(EEBO)2264205629 035 $a(OCoLC)08043894 035 $a(EXLCZ)994330000000350505 100 $a19820106d1651 uy | 101 0 $aeng 135 $aurbn||||a|bb| 200 14$aThe storming and totall routing of tythes$b[electronic resource] $ewherein is shewed the unlawfullnesse of claiming them by the now pretended tribe of Levy, and both takers and payers therein denying Christ to be come in the flesh /$fby Edward Barber 210 $aLondon $c[s.n.]$dPrinted anno dom. 1651 215 $a[2], 18, [2] p 300 $aImperfect: p. 13-16 (2nd grouping) wanting. 300 $a"Or, The humble representation, declaration, and protestation of Edward Barber, in behalf of himself and thousands of the freemen of the common-wealth of England, humbly presented to the Right Honourable the Lord Generall Cromwell ... proving paying tythes under the Gospel to be against the law of God, the law of the land, the protestation, covenant, and ingagement of the army ..." 300 $aReproduction of original in the Trinity College Library, Cambridge University. 330 $aeebo-0120 606 $aTithes$zGreat Britain 607 $aGreat Britain$xHistory$yCommonwealth and Protectorate, 1649-1660 615 0$aTithes 700 $aBarber$b Edward$fd. 1674?$01010042 801 0$bEEU 801 1$bEEU 801 2$bWaOLN 906 $aBOOK 912 $a996396704503316 996 $aThe storming and totall routing of tythes$92334645 997 $aUNISA LEADER 00887nam a2200229 i 4500 001 991002464719707536 008 140325s1992 it 000 0 ita 035 $ab1417862x-39ule_inst 040 $aDip.to Biologia$beng 082 0 $a547$222 100 1 $aFumasoni, Sergio $0385148 245 10$aAppunti anche di chimica organica /$cSergio Fumasoni 260 $aRoma :$bEdizioni scientifiche Siderea,$c1992 300 $a293 p. ;$c24 cm 650 4$aOrganic chemistry 650 4$aTechnical chemistry 907 $a.b1417862x$b27-03-14$c25-03-14 912 $a991002464719707536 945 $aLE003 RON 547 FUM01.01 (1992) [Fondo Ronzini: dislocato c/o Laboratorio di Chimica organica]$g1$lle003$og$pE0.00$q-$rn$s- $t0$u0$v0$w0$x0$y.i15600002$z25-03-14 996 $aAppunti anche di chimica organica$9259521 997 $aUNISALENTO 998 $ale003$b25-03-14$cm$da $e $fita$git $h0$i0